LEADER 02354nam 2200589 450 001 9910480266603321 005 20180731044352.0 010 $a0-8218-7969-3 010 $a0-8218-5713-4 035 $a(CKB)3240000000069905 035 $a(EBL)3113330 035 $a(SSID)ssj0000850363 035 $a(PQKBManifestationID)11459072 035 $a(PQKBTitleCode)TC0000850363 035 $a(PQKBWorkID)10832322 035 $a(PQKB)10904293 035 $a(MiAaPQ)EBC3113330 035 $a(WaSeSS)Ind00039411 035 $a(PPN)197107060 035 $a(EXLCZ)993240000000069905 100 $a20050310h20052005 uy| 0 101 0 $aeng 135 $aur|n|---||||| 181 $ctxt 182 $cc 183 $acr 200 10$aMathematical studies in nonlinear wave propagation $eNSF-CBMS Regional Research Conference on Mathematical Methods in Nonlinear Wave Propagation, North Carolina A&T State University, Greensboro, North Carolina, May 15-19, 2002 /$fDominic P. Clemence, Guoqing Tang, editors 210 1$aProvidence, Rhode Island :$cAmerican Mathematical Society,$d[2005] 210 4$d©2005 215 $a1 online resource (226 p.) 225 1 $aContemporary mathematics,$x0271-4132 ;$v379 300 $aDescription based upon print version of record. 311 $a0-8218-3349-9 320 $aIncludes bibliographical references. 327 $a""Nonlinear Aeroacoustics Computations by the CE/SE Method""""Robust and Simple Non-Reflecting Boundary Conditions for the Euler Equations-A New Approach Based on the Space-Time CE/SE Method""; ""Physical and Numerical Modeling of Seismic Wave Propagation"" 410 0$aContemporary mathematics (American Mathematical Society) ;$vv. 379. 606 $aWave-motion, Theory of$vCongresses 606 $aNonlinear theories$vCongresses 608 $aElectronic books. 615 0$aWave-motion, Theory of 615 0$aNonlinear theories 676 $a530.12/4 702 $aClemence$b Dominic P.$f1959- 702 $aTang$b Guoqing$f1959- 712 12$aNSF-CBMS Regional Research Conference on Mathematical Methods in Nonlinear Wave Propagation 801 0$bMiAaPQ 801 1$bMiAaPQ 801 2$bMiAaPQ 906 $aBOOK 912 $a9910480266603321 996 $aMathematical studies in nonlinear wave propagation$9848684 997 $aUNINA LEADER 03198oam 2200505 450 001 9910794183703321 005 20240129201144.0 010 $a3-13-258250-6 010 $a3-13-243733-6 010 $a3-13-241954-0 024 7 $a10.1055/b-006-161177 035 $a(CKB)4100000010661180 035 $a(MiAaPQ)EBC6134659 035 $a10.1055-b-006-161177 035 $a(DE-2912)1586440930919 035 $a(EXLCZ)994100000010661180 100 $a20200615d2020 uy 0 101 0 $aeng 135 $aurcnu|||||||| 181 $ctxt$2rdacontent 182 $cc$2rdamedia 183 $acr$2rdacarrier 200 10$aFunctional and selective neck dissection /$fJavier Gavila?n, Alejandro Castro, Laura Rodriga?n?ez, Jesu?s Herranz 205 $aSecond edition. 210 1$aStuttgart, Germany :$cThieme,$d[2020] 210 4$d©2020 215 $a1 online resource (xiv, 161 pages) $cillustrations 311 0 $a3-13-241953-2 320 $aIncludes bibliographical references and index. 327 $aThe Historical Outlook of Neck Dissection -- The Rationale and Anatomical Basis for Functional and Selective Neck Dissection -- The Conceptual Approach to Functional and Selective Neck Dissection -- Surgical Technique -- Hints and Pitfalls -- Complications of Neck Surgery -- Frequently Asked Questions with Answers. 330 $a"This updated second edition presents a unique point of view based on fascial dissection techniques developed by several generations of renowned surgeons at La Paz University Hospital, Spain. This book lays a foundation with in-depth discussion of fascial compartmentalization of the neck. The text covers the evolution of modern neck dissection, from George Crile in 1906 to current cutting-edge procedures, and details the transition from radical neck dissection to a less aggressive, equally effective approach for treating lymph node metastases in head and neck cancer. The relationship between functional and selective neck dissection is discussed from a pragmatic and nonconventional perspective, elucidating the connection from historical, anatomic, and surgical standpoints. The four authors differentiate conceptual approaches, keystones in the evolution of scientific knowledge from surgical techniques, technical variations of a standard procedure designed to most effectively resolve a problem. The primary goal of this book is providing the reader with expert guidance on a full spectrum of fundamental surgical techniques"--$cProvided by publisher. 606 $aNeck$xCancer$xSurgery 606 $aHead$xCancer$xSurgery 615 0$aNeck$xCancer$xSurgery. 615 0$aHead$xCancer$xSurgery. 676 $a617.53059 700 $aGavilán$b Javier$4edt$4http://id.loc.gov/vocabulary/relators/edt$01489299 702 $aCastro$b Alejandro$4edt$4http://id.loc.gov/vocabulary/relators/edt 702 $aRodrigáńez$b Laura$4edt$4http://id.loc.gov/vocabulary/relators/edt 702 $aHerranz$b Jesús$4edt$4http://id.loc.gov/vocabulary/relators/edt 801 0$bDE-2912 906 $aBOOK 912 $a9910794183703321 996 $aFunctional and Selective Neck Dissection$93709951 997 $aUNINA